<?xml version="1.0" encoding="UTF-8"?>
<record
    xmlns:xsi="http://www.w3.org/2001/XMLSchema-instance"
    xsi:schemaLocation="http://www.loc.gov/MARC21/slim http://www.loc.gov/standards/marcxml/schema/MARC21slim.xsd"
    xmlns="http://www.loc.gov/MARC21/slim">

  <leader>02792cam a22003978i 4500</leader>
  <controlfield tag="001">22447975</controlfield>
  <controlfield tag="003">EG-ScBUE</controlfield>
  <controlfield tag="005">20260318100626.0</controlfield>
  <controlfield tag="008">220228t2024    nyua   f d    001 0 eng d</controlfield>
  <datafield tag="020" ind1=" " ind2=" ">
    <subfield code="a">9781266177330</subfield>
  </datafield>
  <datafield tag="020" ind1=" " ind2=" ">
    <subfield code="a">1266177337</subfield>
  </datafield>
  <datafield tag="040" ind1=" " ind2=" ">
    <subfield code="a">DNLM/DLC</subfield>
    <subfield code="b">eng</subfield>
    <subfield code="e">rda</subfield>
    <subfield code="c">DLC</subfield>
    <subfield code="d">EG-ScBUE</subfield>
  </datafield>
  <datafield tag="082" ind1="0" ind2="4">
    <subfield code="a">579</subfield>
    <subfield code="2">22</subfield>
    <subfield code="b">COW</subfield>
  </datafield>
  <datafield tag="100" ind1="1" ind2=" ">
    <subfield code="a">Cowan, M. Kelly,</subfield>
    <subfield code="e">author.</subfield>
  </datafield>
  <datafield tag="245" ind1="1" ind2="0">
    <subfield code="a">Microbiology :</subfield>
    <subfield code="b">a systems approach /</subfield>
    <subfield code="c">Marjorie Kelly Cowan, Heidi Smith.</subfield>
  </datafield>
  <datafield tag="250" ind1=" " ind2=" ">
    <subfield code="a">Seventh edition.</subfield>
  </datafield>
  <datafield tag="264" ind1=" " ind2="1">
    <subfield code="a">New York, NY :</subfield>
    <subfield code="b">McGraw Hill,</subfield>
    <subfield code="c">[2024]</subfield>
  </datafield>
  <datafield tag="264" ind1=" " ind2="4">
    <subfield code="c">c2024</subfield>
  </datafield>
  <datafield tag="300" ind1=" " ind2=" ">
    <subfield code="a">1 volume (various pagings) :</subfield>
    <subfield code="b">color illustrations ;</subfield>
    <subfield code="c">30 cm</subfield>
  </datafield>
  <datafield tag="336" ind1=" " ind2=" ">
    <subfield code="a">text</subfield>
    <subfield code="b">txt</subfield>
    <subfield code="2">rdacontent</subfield>
  </datafield>
  <datafield tag="337" ind1=" " ind2=" ">
    <subfield code="a">unmediated</subfield>
    <subfield code="b">n</subfield>
    <subfield code="2">rdamedia</subfield>
  </datafield>
  <datafield tag="338" ind1=" " ind2=" ">
    <subfield code="a">volume</subfield>
    <subfield code="b">nc</subfield>
    <subfield code="2">rdacarrier</subfield>
  </datafield>
  <datafield tag="500" ind1=" " ind2=" ">
    <subfield code="a">Includes index.</subfield>
  </datafield>
  <datafield tag="500" ind1=" " ind2=" ">
    <subfield code="a">Includes glossary.
</subfield>
  </datafield>
  <datafield tag="500" ind1=" " ind2=" ">
    <subfield code="a">Includes appendix.
</subfield>
  </datafield>
  <datafield tag="505" ind1="0" ind2=" ">
    <subfield code="a">The Main Themes of Microbiology -- The Chemistry of Biology -- Tools of the Laboratory : Methods for the Culturing and Microscopic Analysis of Microorganisms -- Bacteria and Archaea -- Eukaryotic Cells and Microorganisms -- Viruses and Prions -- Microbial Nutrition and Growth -- Microbial Metabolism : The Chemical Crossroads of Life -- Microbial Genetics -- Genetic Analysis and Genetic Engineering -- Physical and Chemical Control of Microbes -- Antimicrobial Treatment -- Microbe-Human Interactions -- Host Defenses I : Overview and Nonspecific Defenses -- Host Defenses II : Specific Immunity and Immunization -- Disorders in Immunity -- Diagnosing Infections -- Infectious Diseases Affecting the Skin and Eyes -- Infectious Diseases Affecting the Nervous System -- Infectious Diseases Affecting the Cardiovascular and Lymphatic Systems -- Infectious Diseases Affecting the Respiratory System -- Infectious Diseases Affecting the Gastrointestinal Tract -- Infectious Diseases Affecting the Genitourinary System -- Microbes and the Environment -- Applied Microbiology and Food and Water Safety.</subfield>
  </datafield>
  <datafield tag="520" ind1=" " ind2=" ">
    <subfield code="a">"This book is suited for all kinds of students and doesn't require any prerequisite knowledge of biology or chemistry. If you are interested in entering the health care profession in some way, this book will give you a strong background in the biology of microorganisms without overwhelming you with unnecessary details. Don't worry if you're not in the health professions. A grasp of this topic is important for everyone - and can be attained with this book"--</subfield>
    <subfield code="c">Provided by publisher.</subfield>
  </datafield>
  <datafield tag="650" ind1=" " ind2="7">
    <subfield code="a">Microbiological Phenomena.</subfield>
    <subfield code="2">BUEsh</subfield>
  </datafield>
  <datafield tag="650" ind1=" " ind2="7">
    <subfield code="a">Communicable Diseases</subfield>
    <subfield code="x">microbiology.</subfield>
    <subfield code="2">BUEsh</subfield>
  </datafield>
  <datafield tag="650" ind1=" " ind2="7">
    <subfield code="a">Immunity.</subfield>
    <subfield code="2">BUEsh</subfield>
  </datafield>
  <datafield tag="653" ind1=" " ind2=" ">
    <subfield code="c">February2024</subfield>
    <subfield code="b">PPhrm</subfield>
  </datafield>
  <datafield tag="655" ind1=" " ind2=" ">
    <subfield code="v">Reading book</subfield>
  </datafield>
  <datafield tag="700" ind1="1" ind2=" ">
    <subfield code="a">Smith, Heidi</subfield>
    <subfield code="c">(College teacher)</subfield>
    <subfield code="e">author.</subfield>
  </datafield>
  <datafield tag="942" ind1=" " ind2=" ">
    <subfield code="2">ddc</subfield>
    <subfield code="c">BB</subfield>
  </datafield>
  <datafield tag="999" ind1=" " ind2=" ">
    <subfield code="c">30658</subfield>
    <subfield code="d">30629</subfield>
  </datafield>
  <datafield tag="952" ind1=" " ind2=" ">
    <subfield code="0">0</subfield>
    <subfield code="1">0</subfield>
    <subfield code="2">ddc</subfield>
    <subfield code="4">0</subfield>
    <subfield code="7">0</subfield>
    <subfield code="8">Baccah</subfield>
    <subfield code="a">MAIN</subfield>
    <subfield code="b">MAIN</subfield>
    <subfield code="c">1ST</subfield>
    <subfield code="d">2024-02-11</subfield>
    <subfield code="e">Purchase</subfield>
    <subfield code="g">2755.00</subfield>
    <subfield code="h">38031</subfield>
    <subfield code="l">0</subfield>
    <subfield code="o">579 COW</subfield>
    <subfield code="p">000057004</subfield>
    <subfield code="r">2026-03-04 00:00:00</subfield>
    <subfield code="v">3444.00</subfield>
    <subfield code="w">2024-02-11</subfield>
    <subfield code="y">BB</subfield>
  </datafield>
</record>
